God's prophet, God's servant : (Record no. 30583)
[ view plain ]
| 000 -LEADER | |
|---|---|
| fixed length control field | 00630nam a2200181 4500 |
| 008 - FIXED-LENGTH DATA ELEMENTS--GENERAL INFORMATION | |
| fixed length control field | 071126s2002 ph 000 0 eng |
| 020 ## - INTERNATIONAL STANDARD BOOK NUMBER | |
| International Standard Book Number | 1894667190 : |
| Terms of availability | USD14 : Mrs. Mary Yu |
| 090 ## - LOCALLY ASSIGNED LC-TYPE CALL NUMBER (OCLC); LOCAL CALL NUMBER (OCLC) | |
| Classification number (OCLC) (R) ; Classification number, CALL (RLIN) (NR) | BS1525.3 |
| Local cutter number (OCLC) ; Book number/undivided call number, CALL (RLIN) | G56g |
| 100 1# - MAIN ENTRY--PERSONAL NAME | |
| Personal name | Goldingay, John |
| 245 10 - TITLE STATEMENT | |
| Title | God's prophet, God's servant : |
| Remainder of title | a study in Jeremiah and Isaiah 40-55/ |
| Statement of responsibility, etc | John Goldingay |
| 250 ## - EDITION STATEMENT | |
| Edition statement | rev. ed. |
| 260 ## - PUBLICATION, DISTRIBUTION, ETC. (IMPRINT) | |
| Place of publication, distribution, etc | Toronto : |
| Name of publisher, distributor, etc | Clements Publishing, |
| Date of publication, distribution, etc | c2002 |
| 300 ## - PHYSICAL DESCRIPTION | |
| Extent | 170 p. |
| 630 04 - SUBJECT ADDED ENTRY--UNIFORM TITLE | |
| Uniform title | Bible. O.T. Isaiah |
| General subdivision | Commentaries |
| 630 04 - SUBJECT ADDED ENTRY--UNIFORM TITLE | |
| Uniform title | Bible. O.T. Jeremiah |
| General subdivision | Commentaries |
| 951 ## - EQUIVALENCE OR CROSS-REFERENCE-GEOGRAPHIC NAME/AREA NAME [OBSOLETE] [CAN/MARC only] | |
| General subdivision | 00035890 |
| 951 ## - EQUIVALENCE OR CROSS-REFERENCE-GEOGRAPHIC NAME/AREA NAME [OBSOLETE] [CAN/MARC only] | |
| -- | 31443 |
| -- | BS1525.3/G56g |
| -- | 071126151229203 |
| -- | 2000-12-21 |
| -- | GC |
| Withdrawn status | Lost status | Damaged status | Not for loan | Home library | Current library | Shelving location | Date acquired | Accession number | Shelving control number | Total Checkouts | Full call number | Barcode | Date last seen | Price effective from | Koha item type |
|---|---|---|---|---|---|---|---|---|---|---|---|---|---|---|---|
| BSOP Library | BSOP Library | GC | 12/21/2000 | 31443 | 127 | BS1525.3/G56g | 00035890 | 02/23/2013 | 02/23/2013 | Books |
